Los Angeles Clippers All Stars: NBA - Statistics

General Stats
  • This quiz has been taken 19 times
  • The average score is 6 of 15
Answer Stats
Career Career With Clippers All Stars Player % Correct
2006- 2012-2017 12x Chris Paul
94%
2012- 2020- 6x Kawhi Leonard
94%
2011- 2011-2018 6x Blake Griffin
88%
2011- 2020- 9x Paul George
88%
2009- 2009-2018 1x DeAndre Jordan
69%
1973-1986 1973-1977 5x Bob McAdoo
56%
2000-2016 2002-2008 2x Elton Brand
44%
1989-2003 1989-1994 2x Danny Manning
31%
1976-1988 1979-1980 1x World B. Free
31%
1972-1983 1972-1979, 1983 2x Randy Smith
25%
2004-2016 2004-2011 1x Chris Kaman
19%
1975-1985 1978 3x Billy Knight
0%
1969-1975 1971-1974 3x Bob Kauffman
0%
1978-1990 1985-1987 5x Marques Johnson
0%
1978-1989 1984-1989 2x Norm Nixon
0%
No matching quizzes found
Score Distribution
Percent of People with Each Score
Percentile by Number Answered
Your Score History
You have not taken this quiz